[Event "Koons vs Raptis Match"]
[Site "Portland, OR"]
[Date "2014.10.11"]
[Round "1"]
[White "Raptis, FM Nick"]
[Black "Koons, NM Nat W"]
[Result "0-1"]
[WhiteElo "2380"]
[BlackElo "2293"]
[PlyCount "62"]
[EventDate "2014.10.11"]
[EventType "match"]
[EventRounds "6"]
[EventCountry "USA"]

1. d4 Nf6 2. c4 c6 3. Nf3 d5 4. g3 dxc4 5. Bg2 Bf5 6. Nc3 e6 7. Ne5 Bb4 8. Nxc4
Be4 9. f3 Bd5 10. Ne5 c5 11. a3 cxd4 12. axb4 dxc3 13. Qa4+ Nc6 14. bxc3 O-O
15. Nxc6 Bxc6 16. b5 Bd7 17. Qb3 Qc7 18. Be3 Rfc8 19. Ra3 Nd5 20. Bd4 e5 21.
Qxd5 exd4 22. Qxd4 Bxb5 23. O-O Bxe2 24. Re1 Bb5 25. f4 Rd8 26. Qf2 Re8 27.
Rxe8+ Rxe8 28. Qxa7 Re1+ 29. Kf2 Qc4 30. Qa8+ Re8 31. Kg1 h5 0-1

[Event "Koons vs Raptis Match"]
[Site "Portland, OR"]
[Date "2014.10.11"]
[Round "2"]
[White "Koons, NM Nat W"]
[Black "Raptis, FM Nick"]
[Result "0-1"]
[WhiteElo "2293"]
[BlackElo "2380"]
[PlyCount "78"]
[EventDate "2014.10.11"]
[EventType "match"]
[EventRounds "6"]
[EventCountry "USA"]

1. e4 e6 2. d4 d5 3. Nd2 Nf6 4. Bd3 c5 5. c3 Nc6 6. Ngf3 cxd4 7. cxd4 dxe4 8.
Nxe4 Be7 9. O-O O-O 10. Be3 Nb4 11. Bb1 b6 12. a3 Nbd5 13. Qd3 Bb7 14. Re1 Re8
15. Neg5 h6 16. Nxf7 Kxf7 17. Ne5+ Kg8 18. Qg6 Bd6 19. Qf7+ Kh8 20. Ng6+ Kh7
21. Nf8+ Kh8 22. Ng6+ Kh7 23. Ne5+ Kh8 24. Bxh6 Rg8 25. Bg5 Bxe5 26. dxe5 Qd7
27. Qg6 Qe8 28. Qd3 Qh5 29. Bd2 Nd7 30. Qg3 g5 31. Be4 Nc5 32. Bf3 Qh4 33.
Qxh4+ gxh4 34. b4 Nb3 35. Rad1 Raf8 36. Re4 Nf4 37. Rxf4 Rxf4 38. Bxf4 Bxf3 39.
Rd3 Bxg2 0-1

[Event "Koons vs Raptis Match"]
[Site "Portland, OR"]
[Date "2014.10.11"]
[Round "3"]
[White "Raptis, FM Nick"]
[Black "Koons, NM Nat W"]
[Result "0-1"]
[WhiteElo "2380"]
[BlackElo "2293"]
[PlyCount "74"]
[EventDate "2014.10.11"]
[EventType "match"]
[EventRounds "6"]
[EventCountry "USA"]

1. Nf3 e6 2. g3 b6 3. Bg2 Bb7 4. c4 Nf6 5. O-O Be7 6. Nc3 O-O 7. d4 Na6 8. Bf4
Qc8 9. a3 d5 10. Ne5 Rd8 11. cxd5 exd5 12. Rc1 c5 13. Qa4 Qe6 14. Nb5 Ne4 15.
Rfd1 f6 16. Nf3 Bf8 17. h4 Qe8 18. Nd2 Bc6 19. Qxa6 Bxb5 20. Qb7 Rd7 21. Bc7
Rc8 22. Qxa7 Rdxc7 23. Qxb6 Bxe2 24. Nxe4 Bxd1 25. Nxc5 Qe1+ 26. Kh2 Bxc5 27.
dxc5 Qd2 28. Qe6+ Kh8 29. Qe3 Qxe3 30. fxe3 Bb3 31. Rc3 Rb8 32. Kg1 Rb5 33. Bf1
Rb8 34. Ba6 Bc4 35. Bxc4 dxc4 36. Rxc4 Rxb2 37. Rb4 Rb7 0-1

[Event "Koons vs Raptis Match"]
[Site "Portland, OR"]
[Date "2014.10.12"]
[Round "4"]
[White "Koons, NM Nat W"]
[Black "Raptis, FM Nick"]
[Result "0-1"]
[WhiteElo "2293"]
[BlackElo "2380"]
[PlyCount "92"]
[EventDate "2014.10.11"]
[EventType "match"]
[EventRounds "6"]
[EventCountry "USA"]

1. d4 Nf6 2. c4 g6 3. Nc3 Bg7 4. e4 d6 5. h3 O-O 6. Bg5 h6 7. Be3 Na6 8. Qd2 c5
9. d5 Kh7 10. f4 e6 11. Bd3 exd5 12. exd5 Nb4 13. Bb1 Re8 14. Nge2 Nh5 15. O-O
f5 16. a3 Na6 17. Bd3 Bd7 18. Rae1 Nc7 19. g4 fxg4 20. f5 Bxf5 21. Bxf5 gxf5
22. Qd3 Qh4 23. Rxf5 Rxe3 24. Rxh5+ Rxd3 25. Rxh4 Re8 26. Rxg4 Rd2 27. Rf1 Re7
28. b3 Rd3 29. Re4 Be5 30. Rxe5 dxe5 31. Kh2 e4 32. Rf8 Ne8 33. Rf4 Nd6 34. Rf6
Nf7 35. Kg2 Ng5 36. d6 Rg7 37. Nd5 Nxh3+ 38. Kh2 Ng5 39. Ndf4 Nf3+ 40. Kh3 Nd4+
41. Kh4 Nxe2 42. Nxe2 Rd7 43. Nf4 R3xd6 44. Ne6 e3 45. Nf8+ Kg7 46. Nxd7 Rxf6
0-1

[Event "Koons vs Raptis Match"]
[Site "Portland, OR"]
[Date "2014.10.12"]
[Round "5"]
[White "Raptis, FM Nick"]
[Black "Koons, NM Nat W"]
[Result "1-0"]
[WhiteElo "2380"]
[BlackElo "2293"]
[PlyCount "61"]
[EventDate "2014.10.11"]
[EventType "match"]
[EventRounds "6"]
[EventCountry "USA"]

1. Nf3 c5 2. c4 Nf6 3. g3 g6 4. Bg2 Bg7 5. O-O O-O 6. Nc3 Nc6 7. d4 cxd4 8.
Nxd4 Ng4 9. e3 Nge5 10. b3 d6 11. Nxc6 bxc6 12. Bb2 Rb8 13. Qd2 Qa5 14. Rad1
Qb4 15. Ba1 Bg4 16. f3 Bd7 17. f4 Ng4 18. h3 Nf6 19. g4 Rfc8 20. Na4 Qa3 21. e4
Be6 22. Rc1 c5 23. Nc3 Rd8 24. f5 Bc8 25. e5 Ne8 26. Nd5 Rb7 27. f6 exf6 28.
exf6 Bf8 29. Ne7+ Rxe7 30. fxe7 Bxe7 31. Bd5 1-0

[Event "Koons vs Raptis Match"]
[Site "Portland, OR"]
[Date "2014.10.12"]
[Round "6"]
[White "Koons, NM Nat W"]
[Black "Raptis, FM Nick"]
[Result "1-0"]
[WhiteElo "2293"]
[BlackElo "2380"]
[PlyCount "53"]
[EventDate "2014.10.11"]
[EventType "match"]
[EventRounds "6"]
[EventCountry "USA"]

1. e4 c5 2. Nf3 d6 3. d4 cxd4 4. Nxd4 Nf6 5. Nc3 g6 6. Be3 Bg7 7. f3 O-O 8. Qd2
Nc6 9. Bc4 Bd7 10. h4 Ne5 11. Bb3 h5 12. O-O-O Qa5 13. Bh6 Rfc8 14. Bxg7 Kxg7
15. g4 hxg4 16. h5 Rh8 17. h6+ Kf8 18. h7 g5 19. Rh6 Ng6 20. fxg4 Bxg4 21. Rf1
Nf4 22. Rxf6 exf6 23. Qh2 Kg7 24. Rh1 Nh3 25. Qg3 Qe5 26. Qxg4 Nf2 27. Qh5 1-0

[Event "Wood River Weekend Progressive"]
[Site "Hailey, ID"]
[Date "2014.10.11"]
[Round "3"]
[White "Roland, Jeffrey T"]
[Black "Buus, Jarod N"]
[Result "1-0"]
[WhiteElo "1728"]
[BlackElo "1640"]
[PlyCount "61"]
[EventDate "2014.10.11"]
[EventType "swiss"]
[EventRounds "4"]
[EventCountry "USA"]

1. g3 c5 2. c4 Nc6 3. Nc3 e5 4. Bg2 d6 5. d3 g6 6. e3 Bg7 7. Nge2 Nge7 8. O-O
O-O 9. f4 Rb8 10. fxe5 Nxe5 11. h3 Be6 12. Nf4 Qd7 13. Kh2 a6 14. Nfd5 b5 15.
cxb5 axb5 16. d4 Nxd5 17. Nxd5 cxd4 18. exd4 Nc4 19. Nf6+ Bxf6 20. Rxf6 Bf5 21.
d5 Kg7 22. Qd4 Ne5 23. Qh4 Rfc8 24. g4 Rc2 25. Qh6+ Kg8 26. gxf5 Qe7 27. fxg6
hxg6 28. Bg5 Nf3+ 29. Rxf3 Qe2 30. Rg3 Re8 31. Bf6 1-0

[Event "Millionaire Chess Open U1800"]
[Site "Las Vegas, NV"]
[Date "2014.10.09"]
[Round "2"]
[White "Lundy III, George W"]
[Black "Fleming, Angelo V"]
[Result "1/2-1/2"]
[WhiteElo "1619"]
[BlackElo "1675"]
[PlyCount "138"]
[EventDate "2014.10.09"]
[EventType "swiss"]
[EventRounds "7"]
[EventCountry "USA"]

1. e4 c5 2. Nf3 d6 3. Bd3 Nf6 4. c3 g6 5. Bc2 Nc6 6. d3 Bg7 7. h3 O-O 8. O-O b5
9. d4 cxd4 10. cxd4 Nh5 11. Be3 a6 12. Nc3 Bb7 13. a3 Rc8 14. Ne2 Na5 15. Nd2
Nf6 16. f3 Nd7 17. Ra2 Qc7 18. b3 Nf6 19. Qb1 Qd7 20. Rc1 Nc6 21. Bd3 Nh5 22.
Rac2 Nb8 23. b4 Rxc2 24. Rxc2 Rc8 25. Nb3 Rxc2 26. Qxc2 Nc6 27. f4 e6 28. f5
Nf6 29. g4 exf5 30. exf5 Ba8 31. Kh2 Qb7 32. Be4 Nxe4 33. Qxe4 Ne7 34. Qxb7
Bxb7 35. fxg6 hxg6 36. Bf4 Nc8 37. Nc3 Kf8 38. Kg3 Ke7 39. Kf2 Nb6 40. Be3 Nd5
41. Nb1 Nxe3 42. Kxe3 Bf6 43. Kf4 Bd5 44. N1d2 g5+ 45. Kg3 Ke6 46. Kf2 Be7 47.
Nc1 f5 48. Ne2 f4 49. Nc3 Bf6 50. Ne2 Bb7 51. Nf3 Bxf3 52. Kxf3 Kd5 53. h4 gxh4
54. Kxf4 h3 55. Kg3 h2 56. Kxh2 Bg5 57. Kg3 Ke4 58. d5 Kxd5 59. Nf4+ Ke5 60.
Ne2 d5 61. Ng1 Ke4 62. Nf3 Bf4+ 63. Kg2 d4 64. g5 d3 65. g6 Bh6 66. Nd2+ Kf5
67. g7 Bxg7 68. Kf3 Bb2 69. Nb1 -- 1/2-1/2

[Event "Millionaire Chess Open U1800"]
[Site "Las Vegas, NV"]
[Date "2014.10.11"]
[Round "5"]
[White "Reynolds, Chris L"]
[Black "Lundy III, George W"]
[Result "0-1"]
[WhiteElo "1678"]
[BlackElo "1619"]
[PlyCount "90"]
[EventDate "2014.10.09"]
[EventType "swiss"]
[EventRounds "7"]
[EventCountry "USA"]

1. d4 g6 2. c4 Bg7 3. Nf3 c5 4. Nc3 cxd4 5. Nxd4 Nc6 6. Nxc6 Bxc3+ 7. bxc3 bxc6
8. Bf4 Nf6 9. Bh6 Qa5 10. Qc2 d6 11. e3 Rb8 12. Bd3 Ng4 13. Bf4 O-O 14. O-O Be6
15. Rab1 Ne5 16. Bxe5 Qxe5 17. Rb3 Rb6 18. Rfb1 Rfb8 19. Qb2 Qc5 20. Qe2 d5 21.
cxd5 cxd5 22. Rxb6 Rxb6 23. Rxb6 axb6 24. Qb2 Bd7 25. Qb4 e6 26. Kf1 Kf8 27. a3
f6 28. c4 Qxb4 29. axb4 dxc4 30. Bxc4 b5 31. Bb3 Ke7 32. Ke2 h5 33. h4 e5 34.
Kd3 Be6 35. Bxe6 Kxe6 36. e4 g5 37. hxg5 fxg5 38. Ke3 Kf6 39. Kf3 g4+ 40. Kg3
Kg5 41. f3 h4+ 42. Kf2 Kf4 43. fxg4 Kxg4 44. Ke2 Kg3 45. Kf1 Kf4 0-1

[Event "Millionaire Chess Open (U2000)"]
[Site "Las Vegas, NV"]
[Date "2014.10.09"]
[Round "1"]
[White "Kircher, Caleb Paul"]
[Black "Talyansky, Seth"]
[Result "0-1"]
[WhiteElo "1856"]
[BlackElo "1963"]
[PlyCount "82"]
[EventDate "2014.10.09"]
[EventType "swiss"]
[EventRounds "7"]
[EventCountry "USA"]

1. e4 d5 2. exd5 Nf6 3. Bb5+ Bd7 4. Bc4 Bg4 5. Be2 Bxe2 6. Qxe2 Qxd5 7. Nf3 Nc6
8. Nc3 Qd7 9. d3 e6 10. Be3 Bb4 11. a3 Bxc3+ 12. bxc3 O-O 13. O-O Rfe8 14. Bg5
Nd5 15. c4 Nde7 16. Rad1 e5 17. c3 h6 18. Be3 Ng6 19. Ne1 Rad8 20. Nc2 Qf5 21.
Rfe1 e4 22. d4 b6 23. Rf1 Nh4 24. Ne1 Na5 25. f3 exf3 26. Nxf3 Nxf3+ 27. Rxf3
Qe6 28. d5 Qe7 29. Qa2 c5 30. Rdf1 Rf8 31. Qf2 Nxc4 32. Bxh6 gxh6 33. Rg3+ Kh8
34. Qf4 Rd6 35. Qxc4 Rg8 36. Qf4 Rxg3 37. hxg3 Rxd5 38. Qxh6+ Kg8 39. Rf4 Rg5
40. Rh4 Qe1+ 41. Kh2 Qxg3+ 0-1

[Event "Millionaire Chess Open (U2000)"]
[Site "Las Vegas, NV"]
[Date "2014.10.11"]
[Round "5"]
[White "Menberi, Hiva"]
[Black "Kircher, Caleb Paul"]
[Result "1-0"]
[WhiteElo "1913"]
[BlackElo "1856"]
[PlyCount "71"]
[EventDate "2014.10.09"]
[EventType "swiss"]
[EventRounds "7"]
[EventCountry "USA"]

1. e4 d5 2. exd5 Nf6 3. c4 c6 4. d4 cxd5 5. Nc3 e6 6. Bg5 Be7 7. Nf3 Nbd7 8. c5
Ne4 9. Nxe4 dxe4 10. Bxe7 Qxe7 11. Nd2 e5 12. Nc4 O-O 13. b4 exd4 14. Qxd4 Qg5
15. Rd1 Nf6 16. h4 Qg6 17. Ne5 Qf5 18. Bc4 Be6 19. a4 Bxc4 20. Nxc4 Qg4 21. g3
Qf3 22. O-O Qg4 23. Rfe1 Qh3 24. Ne3 Rfe8 25. b5 Rac8 26. a5 h5 27. Rd2 Re6 28.
Rc2 a6 29. c6 bxc6 30. bxa6 Ng4 31. Nxg4 Qxg4 32. Rc5 f5 33. Qd7 Rce8 34. a7 f4
35. Rg5 R6e7 36. Qxe7 1-0

[Event "World Open (U2200)"]
[Site "Arlington, VA"]
[Date "2014.07.??"]
[Round "3"]
[White "He, Samuel"]
[Black "Changolkar, Srisa"]
[Result "1-0"]
[WhiteElo "2192"]
[BlackElo "2048"]
[PlyCount "67"]
[EventDate "2014.07.??"]
[EventType "swiss"]
[EventCountry "USA"]

1. d4 Nf6 2. Nf3 e6 3. c3 c5 4. Bg5 h6 5. Bh4 b6 6. e3 Bb7 7. Bd3 Be7 8. O-O
O-O 9. Nbd2 cxd4 10. cxd4 d6 11. Bxf6 Bxf6 12. Qe2 Nd7 13. Rac1 e5 14. Ba6 Qb8
15. Bb5 Rd8 16. Bc6 Nc5 17. Bxb7 Nxb7 18. Ne4 Be7 19. Nc3 Re8 20. Nd5 Bd8 21.
Qb5 Re6 22. Rc2 a6 23. Qd7 Na5 24. b4 Ra7 25. Qc8 Qxc8 26. Rxc8 Nb7 27. Nxb6
Kh7 28. Nd5 Bf6 29. Rc7 exd4 30. Nxf6+ Rxf6 31. Nxd4 d5 32. Rfc1 Rb6 33. Rxf7
Ra8 34. Rcc7 1-0